Antropologia delle famiglie contemporanee. (Record n. 360706)
[ formato base ]
| 000 -LEADER | |
|---|---|
| campo di controllo lung. fissa | 01888nam a22002057a 4500 |
| 003 - Identificatore del numero di controllo | |
| campo di controllo | IT-MiCISF |
| 005 - Data e orario dell'ultima transazione | |
| campo di controllo | 20260113110935.0 |
| 008 - Elementi di lunghezza fissa--Informazione generale | |
| campo di controllo lung. fissa | 260113b |||||||| |||| 00| 0 eng d |
| 020 ## - ISBN (International Standard Book Number) | |
| ISBN (International Standard Book Number) | 9788829028672 |
| 040 ## - Fonte della catalogazione | |
| Agenzia che fa la trascrizione | IT-MiCISF |
| 100 ## - Accesso principale -- nome di persona | |
| Nome di persona | Grilli Simonetta |
| 9 (RLIN) | 57992 |
| 245 ## - Formulazione del titolo | |
| Titolo | Antropologia delle famiglie contemporanee. |
| Complemento del titolo | Nuova edizione |
| 260 ## - Pubblicazione, distribuzione, ecc. (stampa) | |
| Luogo di pubblicazione, distribuzione, ecc. | Roma, |
| Nome dell'editore, distributore, ecc. | Carocci, |
| Data di pubblicazione, distribuzione, ecc. | 2025 |
| 300 ## - Descrizione fisica | |
| Estensione | pp. 359 |
| 500 ## - Nota generale | |
| Nota generale | famiglia, parentela, antropologia, abitazione, alimentazione, assistenza-domiciliare, anziani, famiglia-adottiva, procreazione-artificiale, madre-in-affitto, omosessualità |
| 520 ## - Riassunto, ecc. | |
| Nota di riassunto, ecc. | In uno scenario globale segnato da crisi e rapide trasformazioni sociali, la parentela resta un cruciale per comprendere la società contemporanea. In questa edizione ampliata e aggiornata, il volume esplora la fluidità e la pluralità delle forme e delle relazioni familiari analizzando il modo in cui si stanno evolvendo e le sfide che emergono nei processi della loro definizione. Facendo riferimento per lo più al contesto italiano e ponendo particolare attenzione alle dinamiche di genere, ai cambiamenti strutturali e alle pratiche mediche innovative, lo studio si concentra sulla pluralizzazione dei legami familiari – dalle famiglie ricomposte e adottive a quelle “fuori norma” di soggetti queer, a quelle formatesi grazie alle tecnologie riproduttive – e affronta le nuove grammatiche biologiche, i corpi come luoghi di relazione e le complesse intersezioni tra diritto, politica e intimità. Ne risulta una visione articolata della parentela, che ne svela la potenza trasformativa, le contraddizioni che la attraversano e il ruolo centrale che ricopre nella vita sociale e politica. Una riflessione profonda sulla contemporaneità e sulla costante riformulazione del concetto di “famiglia”. |
| 650 ## - Accesso aggiunto di soggetto--termine topico | |
| Termine topico o nome geografico come accesso | Famiglia |
| 654 ## - Accesso aggiunto di soggetto--termini topici faccettati | |
| Termine principale | saggio |
| 942 ## - Dati aggiuntivi (Koha) | |
| Fonte della classificazione o dello schema di collocazione (segnatura) | Dewey Decimal Classification |
| Tipo copia default (Koha) | LIBRO |
| Ritirato (status) | Perso (status) | Fonte della classificazione o dello schema di collocazione (segnatura) | Danneggiato (status) | Non per il presito | Biblioteca proprietaria | Biblioteca in cui si trova | Data d'acquisizione | Totale prestiti | Collocazione | Codice a barre | Data ultima operazione | Prezzo in vigore dal | Tipo copia default (Koha) |
|---|---|---|---|---|---|---|---|---|---|---|---|---|---|
| Dewey Decimal Classification | Buone Condizioni | Not For Loan | CISF - Milano | CISF - Milano | 13/01/2026 | B7549Bis | 9788829028672 | 13/01/2026 | 13/01/2026 | LIBRO |